000 01060cam a2200313 i 4500
001 1826075
003 SISC
005 20160601100655.0
008 800314s1980 nyu j 000 1 eng
010 _a 80012969
020 _a9780618611232
040 _aDLC
_cDLC
_dDLC
042 _alcac
050 0 0 _aPZ 7 .H19825
_bGi 1980
082 0 0 _a[Fic]
100 1 _aHansen, Joyce.
245 1 4 _aThe gift-giver /
_cJoyce Hansen.
260 _aNew York :
_bHoughton Mifflin/Clarion Books,
_cc1980.
300 _a118 p. ;
_c22 cm.
500 _aSequel: Yellow Bird and me.
520 _aThe year she is in fifth grade, Doris meets a special friend in her Bronx neighborhood.
650 0 _aWilliams, Doris (Fictitious character)
650 0 _aDaniels, Amir (Fictitious character)
650 1 _aFriendship
_vFiction.
650 1 _aAfrican Americans
_vFiction.
856 4 2 _3Contributor biographical information
_uhttp://www.loc.gov/catdir/enhancements/fy0736/80012969-b.html
906 _a7
_bcbc
_corignew
_d1
_eocip
_f19
_gy-gencatlg
942 _2lcc
_cBK
999 _c294965
_d294965